|
|
|
|
| LEADER |
00000nam0a2200000 4500 |
| 001 |
102189 |
| 005 |
20231031112858.0 |
| 010 |
|
|
|a 5922104330
|
| 035 |
|
|
|a (RuTPU)RU\TPU\book\110191
|
| 090 |
|
|
|a 102189
|
| 100 |
|
|
|a 20060920d2003 k y0rusy50 ca
|
| 101 |
0 |
|
|a rus
|
| 102 |
|
|
|a RU
|
| 105 |
|
|
|a a z 001zy
|
| 200 |
1 |
|
|a Рекомбинационные радиолинии. Физика и астрономия
|f Р. Л. Сороченко, М. А. Гордон
|
| 210 |
|
|
|a Москва
|c Физматлит
|d 2003
|
| 215 |
|
|
|a 392 с.
|c ил.
|
| 320 |
|
|
|a Библиогр.: с. 369-388.
|
| 320 |
|
|
|a Предметный указатель: с. 389-391.
|
| 330 |
|
|
|a Рекомбинационные радиолинии (РРЛ), образующиеся при переходах между высоковозбужденными состояниями атомов, были обнаружены в СССР в 1964 г. методами радиоастрономии. Было установлено, что в условиях космической разреженности атомы могут существовать при уровнях возбуждения порядка 1000 и размерах атомов порядка 0,1 мм, а спектр космического излучения содержит множество РРЛ во всем диапазоне радиоволн. В монографии обобщены результаты исследования РРЛ, подтверждающие тесную связь физики и астрономии. Рассмотрены процессы, определяющие ширину и интенсивность РРЛ, и основные закономерности физики высоковозбужденных атомов. Объяснены причины того, что уровни возбуждения порядка 1000 являются предельными для атомов в Галактике. Значительная часть монографии посвящена применению РРЛ в астрономии, в основном в исследованиях межзвездной среды. Показаны возможности РРЛ в определении физических условий в областях НИ, планетарных туманностях, звездных оболочках, в холодных облаках межзвездной среды. РРЛ позволяют также найти в Галактике распределение ионизованной и нейтральной материи, обилие гелия, оценить интенсивность космических лучей. Приведено много конкретных данных, включая наблюдения РРЛ от внегалактических объектов. В приложении даны частоты РРЛ, методы и программы различных расчетов и другие дополнительные материалы. Для физиков и астрономов-специалистов, аспирантов и студентов. Табл. 12. Ил. 110. Библиогр. 475 назв.
|
| 610 |
1 |
|
|a рекомбинационные радиолинии
|
| 610 |
1 |
|
|a атомная физика
|
| 610 |
1 |
|
|a астрономия
|
| 610 |
1 |
|
|a уширение
|
| 610 |
1 |
|
|a интенсивность
|
| 610 |
1 |
|
|a ионизированный водород
|
| 610 |
1 |
|
|a гелий
|
| 610 |
1 |
|
|a Галактика
|
| 610 |
1 |
|
|a космические лучи
|
| 610 |
1 |
|
|a планетарные туманности
|
| 675 |
|
|
|a 539.184
|v 3
|
| 675 |
|
|
|a 52:53
|v 3
|
| 700 |
|
1 |
|a Сороченко
|b Р. Л.
|g Роман Леонидович
|
| 701 |
|
1 |
|a Гордон
|b М. А.
|g Марк А.
|
| 801 |
|
1 |
|a RU
|b 63413507
|c 20060920
|g PSBO
|
| 801 |
|
2 |
|a RU
|b 63413507
|c 20061013
|g PSBO
|
| 942 |
|
|
|c BK
|